[Event "FIDE World Bl Team Pool D"]
[Site "London ENG"]
[Date "2025.06.14"]
[Round "2.6"]
[White "Marton-John, Almos Kiran"]
[Black "Han, Qixuan"]
[Result "1-0"]
[WhiteElo "1987"]
[BlackElo "1896"]
[WhiteTeam "Team Hungary"]
[BlackTeam "Mongolia-A"]
[WhiteFideId "17013135"]
[BlackFideId "496944"]
[EventDate "2025.06.14"]
[EventType "team"]

1. c4 c6 2. g3 d5 3. cxd5 cxd5 4. Bg2 Nf6 5. Nf3 g6 6. d4 Bg7 7. Nc3 O-O 8. O-O
Nc6 9. Bg5 h6 10. Bxf6 Bxf6 11. Qd2 Bg7 12. e3 Kh7 13. h3 a6 14. Kh2 Bf5 15. Ne1
Be6 16. Nd3 b6 17. Nf4 Rc8 18. Ncxd5 g5 19. Nxe6 fxe6 20. Nc3 b5 21. Qd3+ Kg8
22. Qg6 Rf6 23. Qe4 Nb4 24. a3 Nd5 25. Nxd5 exd5 26. Qxd5+ Qxd5 27. Bxd5+ e6 28.
Bb7 Rc2 29. Kg2 a5 30. Ba6 Rxb2 31. Rab1 Rfxf2+ 32. Rxf2 Rxb1 33. Bc8 e5 34.
Be6+ Kh8 35. d5 Rd1 36. Rb2 Bf8 37. Rxb5 Bxa3 38. Rxa5 Bc1 39. e4 Rd4 40. Kf3
Rd3+ 41. Kg4 Re3 42. Kf5 Rxg3 43. Kg6 Ra3 44. Rc5 Ra8 45. Rxc1 Rf8 46. Rc8 Rxc8
47. Bxc8 Kg8 48. Kxh6 Kf7 49. Kxg5 Kg7 50. Kf5 Kf7 51. Kxe5 Ke7 52. d6+ Kd8 53.
Bg4 Ke8 54. d7+ Kd8 55. Ke6 Kc7 56. Ke7 1-0

[Event "FIDE World Bl Team Pool D"]
[Site "London ENG"]
[Date "2025.06.14"]
[Round "3.1"]
[White "Balogh, Csaba"]
[Black "Grischuk, Alexander"]
[Result "0-1"]
[WhiteTitle "GM"]
[BlackTitle "GM"]
[WhiteElo "2544"]
[BlackElo "2667"]
[WhiteTeam "Team Hungary"]
[BlackTeam "KazChess"]
[WhiteFideId "718939"]
[BlackFideId "4126025"]
[EventDate "2025.06.14"]
[EventType "team"]

1. e4 e5 2. Nf3 Nc6 3. Bb5 Nf6 4. d3 Bc5 5. O-O Nd4 6. Nxd4 Bxd4 7. c3 Bb6 8.
Na3 c6 9. Ba4 d6 10. Bb3 a5 11. Nc4 Bc7 12. a4 Be6 13. Ne3 O-O 14. Bc2 d5 15.
Qf3 Qd7 16. Nf5 Bxf5 17. exf5 Rfe8 18. Bg5 e4 19. Qh3 exd3 20. Bxd3 Ne4 21. Be3
Re7 22. f3 Nf6 23. Bc5 Bd6 24. Bd4 Be5 25. Bc5 Bd6 26. Bd4 Be5 27. Bc5 Ree8 28.
Rae1 Qc7 29. g4 h6 30. Re2 Rad8 31. Rfe1 d4 32. c4 b6 33. Ba3 c5 34. b3 Bf4 35.
Bc1 Bxc1 36. Rxe8+ Rxe8 37. Rxc1 Qf4 38. Rd1 Re3 39. Qg3 Qxg3+ 40. hxg3 Rxf3 41.
Kg2 Re3 42. Kh3 Kf8 43. Kh4 Nh7 44. Kh3 Ke7 45. Kg2 Kf6 46. Kf2 Kg5 47. Be2 Nf6 0-1

[Event "FIDE World Bl Team Pool D"]
[Site "London ENG"]
[Date "2025.06.14"]
[Round "3.2"]
[White "Esipenko, Andrey"]
[Black "Kantor, Gergely"]
[Result "1-0"]
[WhiteTitle "GM"]
[BlackTitle "GM"]
[WhiteElo "2689"]
[BlackElo "2584"]
[WhiteTeam "KazChess"]
[BlackTeam "Team Hungary"]
[WhiteFideId "24175439"]
[BlackFideId "751499"]
[EventDate "2025.06.14"]
[EventType "team"]

1. d4 Nf6 2. Nf3 d5 3. g3 c5 4. Bg2 cxd4 5. O-O e6 6. Nxd4 e5 7. Nb3 a5 8. Bg5
a4 9. N3d2 Be7 10. e4 d4 11. c3 Nc6 12. Nf3 h6 13. Bxf6 Bxf6 14. cxd4 exd4 15.
e5 Be7 16. a3 O-O 17. Qd3 Be6 18. Nbd2 Qb6 19. Rab1 Rfd8 20. Rfe1 Rac8 21. Bf1
Na5 22. Qe4 g6 23. Qf4 Kg7 24. h4 d3 25. Ne4 Rc4 26. Rbd1 Qxb2 27. Bxd3 Rc6 28.
h5 g5 29. Nexg5 hxg5 30. Nxg5 Qd4 31. Be4 Qxd1 32. Rxd1 Rxd1+ 33. Kg2 Rc4 34.
h6+ Kg8 35. Nxe6 fxe6 36. Qg4+ Kf8 37. h7 1-0

[Event "FIDE World Bl Team Pool D"]
[Site "London ENG"]
[Date "2025.06.14"]
[Round "3.3"]
[White "Erdos, Viktor"]
[Black "Sadvakasov, Darmen"]
[Result "1/2-1/2"]
[WhiteTitle "GM"]
[BlackTitle "GM"]
[WhiteElo "2545"]
[BlackElo "2629"]
[WhiteTeam "Team Hungary"]
[BlackTeam "KazChess"]
[WhiteFideId "719978"]
[BlackFideId "13700464"]
[EventDate "2025.06.14"]
[EventType "team"]

1. d4 Nf6 2. c4 e6 3. Nc3 Bb4 4. e3 c5 5. Ne2 cxd4 6. exd4 O-O 7. a3 Be7 8. d5
exd5 9. cxd5 Bc5 10. Nf4 d6 11. Be2 a6 12. O-O Nbd7 13. Nd3 Ba7 14. Bf4 Nc5 15.
Nxc5 Bxc5 16. Bg5 Bf5 17. Bd3 Bg6 18. Qf3 Bd4 19. Rac1 Qa5 20. Bxg6 hxg6 21.
Rfd1 Be5 22. Bf4 Rfe8 23. h3 Rac8 24. Bxe5 Rxe5 25. Re1 Rce8 26. Rxe5 Rxe5 27.
Rd1 Qb6 28. Rd2 Qb3 29. g3 Ne4 30. Re2 Nxc3 31. Rxe5 dxe5 32. bxc3 Qxa3 33. Qg4
Qc1+ 34. Kg2 Qd2 35. Qd7 e4 36. Qe8+ Kh7 37. Qxe4 a5 38. Qh4+ Kg8 39. Qd8+ Kh7
40. d6 Qd5+ 41. Kg1 Qd1+ 42. Kh2 Qd2 43. Qh4+ Kg8 44. Qd8+ Kh7 45. Qh4+ Kg8 1/2-1/2

[Event "FIDE World Bl Team Pool D"]
[Site "London ENG"]
[Date "2025.06.14"]
[Round "3.4"]
[White "Ansat, Aldiyar"]
[Black "Kozak, Adam"]
[Result "1/2-1/2"]
[WhiteTitle "IM"]
[BlackTitle "GM"]
[WhiteElo "2489"]
[BlackElo "2587"]
[WhiteTeam "KazChess"]
[BlackTeam "Team Hungary"]
[WhiteFideId "13715658"]
[BlackFideId "753246"]
[EventDate "2025.06.14"]
[EventType "team"]

1. e4 c5 2. Nf3 d6 3. d4 cxd4 4. Nxd4 Nf6 5. Bd3 Nc6 6. Be3 g6 7. h3 d5 8. Nc3
Bg7 9. Bb5 Bd7 10. exd5 Nxd4 11. Bxd7+ Qxd7 12. Qxd4 O-O 13. O-O a6 14. Rad1
Rfd8 15. Qd3 Rac8 16. Rfe1 b5 17. a3 Qb7 18. Bg5 h6 19. Bf4 Rd7 20. Re2 Rcd8 21.
Red2 Nh5 22. Be3 Nf6 23. Bf4 Kh7 24. Be5 Nxd5 25. Bxg7 Nf4 26. Qe4 Qxe4 27. Nxe4
Rxd2 28. Rxd2 Rxd2 29. Nxd2 Kxg7 30. Ne4 Ne6 31. Kf1 f5 32. Nd2 Nd4 33. c4 e5
34. cxb5 axb5 35. b3 Kf6 36. a4 bxa4 37. bxa4 Nc6 38. Ke2 Ke6 39. Kd3 Kd5 40.
Nb3 Nb4+ 41. Kc3 Na6 42. Nd2 g5 43. Nc4 f4 44. Nb6+ Kc6 45. Nc4 Kd5 46. Nb6+ Kc6
47. Nc4 Kd5 48. Nb6+ Kd6 49. Kc4 h5 50. Nd5 g4 51. hxg4 hxg4 52. Nf6 Nc5 53.
Nxg4 Nxa4 54. g3 fxg3 55. fxg3 Nc5 56. Nxe5 Kxe5 57. Kxc5 Kf5 58. g4+ Kxg4 1/2-1/2

[Event "FIDE World Bl Team Pool D"]
[Site "London ENG"]
[Date "2025.06.14"]
[Round "3.5"]
[White "Gaal, Zsoka"]
[Black "Kamalidenova, Meruert"]
[Result "1-0"]
[WhiteTitle "WGM"]
[BlackTitle "IM"]
[WhiteElo "2391"]
[BlackElo "2330"]
[WhiteTeam "Team Hungary"]
[BlackTeam "KazChess"]
[WhiteFideId "777765"]
[BlackFideId "13712802"]
[EventDate "2025.06.14"]
[EventType "team"]

1. d4 Nf6 2. c4 g6 3. Nc3 Bg7 4. e4 d6 5. Be2 O-O 6. Be3 e5 7. d5 Nbd7 8. h4 Nc5
9. Qc2 a5 10. h5 Nfd7 11. Nh3 c6 12. O-O-O cxd5 13. cxd5 a4 14. hxg6 hxg6 15.
Ng5 Re8 16. Rh2 f6 17. Ne6 Nxe6 18. dxe6 Nf8 19. Bb5 Re7 20. Nd5 Bxe6 21. Bb6
Qb8 22. Nxe7+ Kf7 23. Nd5 a3 24. b3 Nd7 25. Be3 Qf8 26. Kb1 Rc8 27. Qd2 f5 28.
Bh6 fxe4 29. Bxg7 Qxg7 30. Bxd7 Bxd7 31. Ne3 Rc6 32. Rdh1 Kg8 33. Qd5+ 1-0

[Event "FIDE World Bl Team Pool D"]
[Site "London ENG"]
[Date "2025.06.14"]
[Round "3.6"]
[White "Aiten, Islam"]
[Black "Marton-John, Almos Kiran"]
[Result "1-0"]
[WhiteElo "1950"]
[BlackElo "1987"]
[WhiteTeam "KazChess"]
[BlackTeam "Team Hungary"]
[WhiteFideId "13749420"]
[BlackFideId "17013135"]
[EventDate "2025.06.14"]
[EventType "team"]

1. d4 d5 2. Nc3 c6 3. Bf4 Bf5 4. e3 Nf6 5. f3 h5 6. Bd3 e6 7. Bxf5 exf5 8. Qd3
g6 9. Nge2 Bd6 10. Bg5 Be7 11. O-O-O Nbd7 12. Rde1 Qa5 13. Kb1 O-O-O 14. h4 Rhe8
15. Nc1 Qb6 16. Nb3 Nf8 17. Bf4 Ne6 18. Be5 Nd7 19. Bg3 Nf6 20. e4 fxe4 21. fxe4
dxe4 22. Nxe4 Nxe4 23. Qxe4 Bf6 24. Qf3 Bxd4 25. Qxf7 Nc7 26. Rxe8 Rxe8 27. Bxc7
Qb4 28. Qxe8+ 1-0

[Event "FIDE World Bl Team Pool D"]
[Site "London ENG"]
[Date "2025.06.14"]
[Round "3.1"]
[White "Sagalchik, Gennadij"]
[Black "Amartuvshin, Ganzorig"]
[Result "1-0"]
[WhiteTitle "GM"]
[BlackTitle "IM"]
[WhiteElo "2434"]
[BlackElo "2430"]
[WhiteTeam "Perfect"]
[BlackTeam "Mongolia-A"]
[WhiteFideId "2007916"]
[BlackFideId "4902548"]
[EventDate "2025.06.14"]
[EventType "team"]

1. d4 Nf6 2. c4 e6 3. Nc3 Bb4 4. a3 Bxc3+ 5. bxc3 Nc6 6. f3 b6 7. e4 Ba6 8. Bg5
h6 9. Bh4 Na5 10. e5 g5 11. Bf2 Nh5 12. h4 Bxc4 13. hxg5 Qxg5 14. g4 Ng7 15. Nh3
Qe7 16. Nf4 Bxf1 17. Kxf1 Nc6 18. Bh4 Qf8 19. Bf6 Ne7 20. Qa4 a5 21. Qc4 O-O-O
22. Qa6+ Kb8 23. Rb1 Nc8 24. Nd3 d6 25. Kg2 Rd7 26. Qxa5 Rg8 27. Kf2 Ne8 28. Qa6
Nxf6 29. exf6 e5 30. Rb4 c6 31. Rhb1 Rb7 32. Ra4 e4 33. Nb4 Kc7 34. Qc4 Qe8 35.
Ra8 Qe6 36. Qxc6+ Kd8 37. Qxb7 1-0

[Event "FIDE World Bl Team Pool D"]
[Site "London ENG"]
[Date "2025.06.14"]
[Round "3.2"]
[White "Munkhdalai, Amilal"]
[Black "Slavin, Gennadie"]
[Result "0-1"]
[WhiteTitle "IM"]
[WhiteElo "2385"]
[BlackElo "2207"]
[WhiteTeam "Mongolia-A"]
[BlackTeam "Perfect"]
[WhiteFideId "4903250"]
[BlackFideId "4104870"]
[EventDate "2025.06.14"]
[EventType "team"]

1. e4 e6 2. d4 d5 3. Nd2 Nf6 4. e5 Ne4 5. Bd3 Nxd2 6. Bxd2 c5 7. c3 Qb6 8. Qb3
Qxb3 9. axb3 cxd4 10. cxd4 Nc6 11. Ne2 Nb4 12. Bxb4 Bxb4+ 13. Nc3 Bd7 14. Ke2
Ke7 15. f4 g6 16. g4 h5 17. h3 a6 18. Nd1 hxg4 19. Nf2 gxh3 20. Nxh3 Rh4 21. Kf3
Rah8 22. Nf2 Rxh1 23. Nxh1 Rh4 24. Kg3 Rh5 25. Nf2 Be8 26. Rc1 Kd8 27. Ng4 Be7
28. Be2 g5 29. fxg5 Bxg5 30. Rc3 Rh1 31. Bd3 Rd1 32. Nf6 Bxf6 33. exf6 Kd7 34.
Kf4 Kd6 35. Kg5 Bc6 36. Kh6 e5 37. dxe5+ Kxe5 38. Kg7 Ke6 39. Be2 Rg1+ 40. Kf8
Kxf6 41. Rf3+ Ke5 42. Kxf7 Rg2 43. Re3+ Kf4 44. Re6 d4 45. Rf6+ Ke3 46. Bc4 Be4
47. Re6 d3 48. Bd5 Rg4 49. Bxb7 d2 50. Bxe4 Rxe4 51. Rd6 Rd4 0-1

[Event "FIDE World Bl Team Pool D"]
[Site "London ENG"]
[Date "2025.06.14"]
[Round "3.3"]
[White "Arakhamia-Grant, Ketevan"]
[Black "Munkhzul, Turmunkh"]
[Result "0-1"]
[WhiteTitle "GM"]
[BlackTitle "WGM"]
[WhiteElo "2269"]
[BlackElo "2236"]
[WhiteTeam "Perfect"]
[BlackTeam "Mongolia-A"]
[WhiteFideId "13600168"]
[BlackFideId "4901878"]
[EventDate "2025.06.14"]
[EventType "team"]

1. e4 c5 2. Nf3 d6 3. Bb5+ Nd7 4. O-O a6 5. Bxd7+ Bxd7 6. c3 Nf6 7. Re1 g6 8. d4
cxd4 9. cxd4 Bg7 10. Nc3 O-O 11. h3 Rc8 12. Be3 b5 13. a3 a5 14. Qd3 b4 15. axb4
axb4 16. Ne2 Rb8 17. Ng3 Bb5 18. Qd2 b3 19. d5 h5 20. Nd4 h4 21. Nxb5 hxg3 22.
Qd3 Nxe4 23. Qxe4 gxf2+ 24. Bxf2 Rxb5 25. Bd4 Rb4 26. Rad1 Bxd4+ 27. Rxd4 Qb6
28. Rd1 Rc8 29. Kh2 Rxd4 30. Rxd4 Rc2 31. Rb4 Qf2 32. Rxb3 Re2 33. Qg4 Re1 34.
Rf3 Qxb2 35. Qf4 Qe5 36. Qxe5 Rxe5 37. Rd3 Kg7 38. Kg3 Kf6 39. Kf3 Re1 40. Kf2
Re4 41. Kf3 Ke5 42. Rd1 Rd4 43. Re1+ Kf6 44. Kg3 Rxd5 45. h4 e5 46. Kf3 Rd3+ 47.
Ke4 Rd4+ 48. Ke3 Rxh4 0-1

[Event "FIDE World Bl Team Pool D"]
[Site "London ENG"]
[Date "2025.06.14"]
[Round "3.4"]
[White "Gan-Od, Sereenen"]
[Black "Gluhovsky, Mark"]
[Result "1/2-1/2"]
[WhiteTitle "FM"]
[WhiteElo "2320"]
[BlackElo "2224"]
[WhiteTeam "Mongolia-A"]
[BlackTeam "Perfect"]
[WhiteFideId "4901304"]
[BlackFideId "24165514"]
[EventDate "2025.06.14"]
[EventType "team"]

1. c4 Nf6 2. Nf3 g6 3. g3 Bg7 4. Bg2 O-O 5. O-O d6 6. Nc3 c5 7. d4 cxd4 8. Nxd4
Nc6 9. b3 Nxd4 10. Qxd4 Ng4 11. Qd2 h5 12. Bb2 h4 13. Nd5 Ne5 14. Rad1 h3 15.
Bh1 Be6 16. Nf4 Bc8 17. Rfe1 a5 18. Rc1 a4 19. b4 a3 20. Ba1 Bg4 21. Bxb7 Rb8
22. Bh1 Qc7 23. Nd5 Qd7 24. Red1 Rfc8 25. c5 dxc5 26. bxc5 Qa7 27. Nb6 Rd8 28.
Qxd8+ Rxd8 29. Rxd8+ Kh7 30. f3 Be6 31. f4 Ng4 32. Bxg7 Kxg7 33. Ra8 Qc7 34.
Rxa3 Qd8 35. Rd3 Qb8 36. Bf3 Qa7 37. a4 Qa5 38. Bxg4 Bxg4 39. Kf2 Qb4 40. Nd5
Qb2 41. Re1 Bf5 42. Re3 Qd4 43. Nxe7 Qxc5 44. Nxf5+ gxf5 45. Rd1 Qc6 46. Rf3
Qxa4 47. Re1 Qd4+ 48. Kf1 Qe4 49. Rd1 Kg6 50. Rd6+ f6 51. Rdd3 Qb4 52. Rd1 Qe4
53. Rc1 Qd4 54. Rf2 Qd5 55. Rf3 Qd2 56. Rb1 Qc2 57. Ra1 Qb2 58. Re1 Qb7 59. Rd1
Qb2 60. Re1 Qc2 61. Ra1 1/2-1/2

[Event "FIDE World Bl Team Pool D"]
[Site "London ENG"]
[Date "2025.06.14"]
[Round "3.5"]
[White "Atlas, Dmitry"]
[Black "Uuriintuya, Uurtsaikh"]
[Result "0-1"]
[WhiteTitle "FM"]
[BlackTitle "WGM"]
[WhiteElo "2107"]
[BlackElo "2141"]
[WhiteTeam "Perfect"]
[BlackTeam "Mongolia-A"]
[WhiteFideId "12000051"]
[BlackFideId "4900227"]
[EventDate "2025.06.14"]
[EventType "team"]

1. e4 c5 2. c3 d5 3. exd5 Qxd5 4. d4 g6 5. Nf3 Bg7 6. Be2 cxd4 7. cxd4 Nh6 8.
Nc3 Qd8 9. O-O O-O 10. d5 Nf5 11. Bf4 a6 12. Qb3 Nd7 13. Rad1 Nd6 14. Rfe1 Nf6
15. Bf1 Bg4 16. Rd3 Nd7 17. Rde3 Nf5 18. h3 Nxe3 19. Rxe3 Bxf3 20. Rxf3 Nc5 21.
Qa3 Rc8 22. Be2 b5 23. Re3 Bd4 24. Rg3 Qb6 25. Nd1 Ne4 26. Rf3 e5 0-1

[Event "FIDE World Bl Team Pool D"]
[Site "London ENG"]
[Date "2025.06.14"]
[Round "3.1"]
[White "Kawuma, Patrick"]
[Black "Badacsonyi, Stanley"]
[Result "0-1"]
[WhiteTitle "FM"]
[BlackTitle "FM"]
[WhiteElo "2231"]
[BlackElo "2300"]
[WhiteTeam "Equity Bank, Kenya"]
[BlackTeam "English Knightmares"]
[WhiteFideId "10000127"]
[BlackFideId "486973"]
[EventDate "2025.06.14"]
[EventType "team"]

1. c4 Nf6 2. Nf3 g6 3. g3 Bg7 4. d4 d6 5. Bg2 O-O 6. Nc3 c5 7. O-O Nc6 8. d5 Na5
9. Nd2 e6 10. e4 exd5 11. cxd5 a6 12. a4 Rb8 13. Rb1 Bd7 14. Qe2 b5 15. axb5
axb5 16. b4 cxb4 17. Rxb4 Qc7 18. Qd3 Rfc8 19. Ne2 Ng4 20. Bb2 Qc2 21. Qxc2 Rxc2
22. Bxg7 Rxd2 23. Rb2 Rxe2 24. Rxe2 Kxg7 25. Rb1 b4 26. Ra2 Nc4 27. Bf1 Nge5 28.
f4 Nf3+ 29. Kf2 Nfd2 30. Re1 b3 31. Ra7 b2 32. Bxc4 Nxc4 33. Rxd7 b1=Q 34. Rxb1
Rxb1 35. Rc7 Rb2+ 36. Kf3 Nd2+ 37. Ke3 Nf1+ 38. Kd4 Rd2+ 39. Kc3 Re2 40. Kd3
Rd2+ 41. Kc3 Rd1 42. Rc6 f5 43. exf5 Rxd5 44. fxg6 hxg6 45. Kc4 Rd1 46. Rc7+ Kh6
47. Re7 Nxh2 48. Re6 Kh5 49. Rf6 Ng4 50. Rf8 Ne3+ 51. Kc3 Nf5 52. Rf6 Nxg3 0-1

[Event "FIDE World Bl Team Pool D"]
[Site "London ENG"]
[Date "2025.06.14"]
[Round "3.2"]
[White "Banerjee, Supratit"]
[Black "Gurevich, Artjom"]
[Result "1-0"]
[WhiteTitle "FM"]
[WhiteElo "2311"]
[BlackElo "2183"]
[WhiteTeam "English Knightmares"]
[BlackTeam "Equity Bank, Kenya"]
[WhiteFideId "2410079"]
[BlackFideId "2603870"]
[EventDate "2025.06.14"]
[EventType "team"]

1. e4 d5 2. exd5 Nf6 3. d4 Nxd5 4. c4 Nb6 5. h3 Bf5 6. Nf3 e6 7. Bd3 Bxd3 8.
Qxd3 Be7 9. O-O O-O 10. Nc3 Nc6 11. Be3 Bf6 12. Rfd1 Qe7 13. Ne4 Rfd8 14. Nxf6+
gxf6 15. Rac1 Nd7 16. Qe4 f5 17. Qf4 Nf8 18. d5 Nb4 19. a3 Na6 20. Qg3+ Ng6 21.
Ne5 Nc5 22. Bg5 f6 23. Nxg6 hxg6 24. Bf4 g5 25. Bxc7 Ne4 26. Bxd8 Qxd8 27. Qf3
Qe7 28. dxe6 Qxe6 29. Rd5 g4 30. Qxf5 Qxf5 31. Rxf5 gxh3 32. gxh3 Rd8 33. Rf4
Ng5 34. Kg2 Kf7 35. c5 Rd2 36. Rb4 Rd7 37. c6 bxc6 38. Rxc6 Rd2 39. h4 1-0

[Event "FIDE World Bl Team Pool D"]
[Site "London ENG"]
[Date "2025.06.14"]
[Round "3.3"]
[White "Andiwoh, Moses"]
[Black "Shearsby, Jude"]
[Result "0-1"]
[BlackTitle "CM"]
[WhiteElo "1796"]
[BlackElo "2160"]
[WhiteTeam "Equity Bank, Kenya"]
[BlackTeam "English Knightmares"]
[WhiteFideId "10801502"]
[BlackFideId "462527"]
[EventDate "2025.06.14"]
[EventType "team"]

1. d4 Nc6 2. Nf3 d6 3. e3 Nf6 4. Bd3 e5 5. dxe5 dxe5 6. e4 h6 7. c3 Bc5 8. O-O
O-O 9. Qe2 Bg4 10. Be3 Bxe3 11. Qxe3 Nh5 12. Rd1 Qf6 13. Nbd2 Nf4 14. Bf1 Rad8
15. h3 Bh5 16. g3 Ne6 17. Bg2 Rfe8 18. Nf1 Qe7 19. Rd2 Nc5 20. Rad1 Rxd2 21.
Rxd2 Bg6 22. Nh4 Bh7 23. Nf5 Bxf5 24. exf5 Nd7 25. g4 Nb6 26. Ng3 Nc4 27. Qe2
Nxd2 28. Qxd2 Rd8 29. Qe3 Qg5 30. Qc5 Qf4 31. Bxc6 bxc6 32. Qxc6 Rd2 33. Qc5 Qf3 0-1

[Event "FIDE World Bl Team Pool D"]
[Site "London ENG"]
[Date "2025.06.14"]
[Round "3.5"]
[White "Mutisya, Jully"]
[Black "Hng, Mei-En Emmanuelle"]
[Result "0-1"]
[WhiteTitle "WCM"]
[BlackTitle "WFM"]
[WhiteElo "1822"]
[BlackElo "2136"]
[WhiteTeam "Equity Bank, Kenya"]
[BlackTeam "English Knightmares"]
[WhiteFideId "10814922"]
[BlackFideId "5804566"]
[EventDate "2025.06.14"]
[EventType "team"]

1. d4 Nf6 2. Bf4 e6 3. e3 c5 4. c3 Qb6 5. Qb3 Nc6 6. Nd2 Qxb3 7. axb3 d5 8. Ngf3
Be7 9. Bd3 O-O 10. Ne5 Nh5 11. Bg3 f6 12. Nxc6 bxc6 13. Bc7 g5 14. O-O cxd4 15.
exd4 Bb7 16. Rfe1 Rfc8 17. Ba5 Nf4 18. Bc2 Kf7 19. g3 Ng6 20. Nf3 c5 21. Rad1
cxd4 22. Nxd4 e5 23. Nf5 Bf8 24. Ne3 d4 25. Nc4 Bc5 26. b4 Be7 27. Bb3 Bd5 28.
Nd2 Bxb3 29. Nxb3 dxc3 30. bxc3 Rxc3 31. Re3 Rac8 32. Rd7 Ke6 33. Rxa7 Rxe3 34.
fxe3 Rc3 35. Ra6+ Kf5 36. Nc5 Bxc5 37. bxc5 Rxc5 38. Ra7 h5 39. Be1 Rc2 40. Bf2
e4 41. Ra5+ Ne5 42. Rd5 Kg4 43. Kg2 h4 44. h3+ Kf5 45. g4+ Ke6 46. Rd4 Nd3 47.
Rxe4+ Kf7 48. Rd4 Nxf2 0-1

[Event "FIDE World Bl Team Pool D"]
[Site "London ENG"]
[Date "2025.06.14"]
[Round "3.6"]
[White "Jain, Gautam"]
[Black "Ongono, Victor"]
[Result "1-0"]
[WhiteElo "1979"]
[BlackElo "1560"]
[WhiteTeam "English Knightmares"]
[BlackTeam "Equity Bank, Kenya"]
[WhiteFideId "425311"]
[BlackFideId "10805214"]
[EventDate "2025.06.14"]
[EventType "team"]

1. e4 d5 2. exd5 Qxd5 3. Nc3 Qa5 4. d4 Bf5 5. Nf3 e6 6. Bd2 c6 7. Be2 Nf6 8. Nh4
Bg6 9. Nxg6 hxg6 10. h3 Nbd7 11. Ne4 Qc7 12. Nxf6+ Nxf6 13. c3 O-O-O 14. Qa4 Kb8
15. O-O-O Ne4 16. Be3 Nd6 17. Bf4 Qb6 18. Kb1 f6 19. c4 Qc7 20. c5 e5 21. cxd6
Rxd6 22. dxe5 Rxd1+ 23. Rxd1 Qb6 24. exf6+ Kc8 25. Bg4# 1-0

[Event "FIDE World Bl Team Pool D"]
[Site "London ENG"]
[Date "2025.06.14"]
[Round "3.1"]
[White "Grahn, Vidar"]
[Black "Cancedda-Dupuis, Livio"]
[Result "0-1"]
[WhiteTitle "FM"]
[WhiteElo "2239"]
[BlackElo "2053"]
[WhiteTeam "Uppsala SSS"]
[BlackTeam "The London Legends"]
[WhiteFideId "1744780"]
[BlackFideId "499447"]
[EventDate "2025.06.14"]
[EventType "team"]

1. d4 Nf6 2. c4 e6 3. g3 d5 4. Bg2 Be7 5. Nf3 O-O 6. O-O Nbd7 7. Qd3 c5 8. Nc3
dxc4 9. Qxc4 Nb6 10. Qd3 Nfd5 11. a3 Nxc3 12. Qxc3 cxd4 13. Qxd4 Bf6 14. Qb4 Nd5
15. Qb3 Qb6 16. Qxb6 Nxb6 17. Rd1 Bd7 18. Rb1 Bc6 19. b4 Be4 20. Be3 Bxb1 21.
Rxb1 Nc4 22. Bc5 Rfd8 23. b5 b6 24. Bb4 Rac8 25. Ne1 Nd6 26. a4 Bc3 27. Nd3 Nf5
28. Ba3 Nd4 29. Kf1 Nc2 30. Be7 Rd7 31. Bg5 Bf6 32. Bc6 Rdd8 33. Bf4 Nd4 34. Be4
Rc4 35. Nb2 Rb4 36. Bd2 Rb3 37. Nc4 Rxb1+ 38. Bxb1 Nb3 39. Bf4 Rd1+ 40. Kg2 Rxb1
41. Bb8 Rc1 42. Nb2 Rc2 43. Nd3 Nc5 44. Nb4 Rc4 45. Nc6 Nxa4 46. Bxa7 Rc5 47. e4
Rxb5 48. f4 Rc5 49. Nb4 Rc4 0-1

[Event "FIDE World Bl Team Pool D"]
[Site "London ENG"]
[Date "2025.06.14"]
[Round "3.2"]
[White "Bryant, Harry"]
[Black "Frank, Anton"]
[Result "0-1"]
[BlackTitle "CM"]
[WhiteElo "2062"]
[BlackElo "2183"]
[WhiteTeam "The London Legends"]
[BlackTeam "Uppsala SSS"]
[WhiteFideId "489158"]
[BlackFideId "1752383"]
[EventDate "2025.06.14"]
[EventType "team"]

1. Nf3 d5 2. b3 c5 3. Bb2 f6 4. e3 e5 5. d4 e4 6. Nfd2 f5 7. c4 cxd4 8. exd4 Nf6
9. Nc3 Bd6 10. cxd5 O-O 11. Nc4 Bb4 12. d6 Be6 13. a3 Bxc3+ 14. Bxc3 Nd5 15. Bb2
Nc6 16. Be2 f4 17. Bg4 Qf6 18. Ne5 Rad8 19. Bxe6+ Qxe6 20. Qh5 Rxd6 21. O-O f3
22. Rfe1 Nf4 23. Qg5 Rf5 24. Qg3 Ne2+ 25. Rxe2 fxe2 26. Nxc6 bxc6 27. d5 Qg6 28.
dxc6 Qxg3 29. hxg3 Rd1+ 30. Kh2 Rxa1 31. c7 Rc5 32. Be5 e1=Q 33. Kh3 Qh1+ 34.
Kg4 Qh6 35. Bd6 Qxd6 36. c8=Q+ Rxc8 37. f4 Qe6+ 38. f5 Qe5 39. b4 Rc3 40. a4
Rxg3+ 41. Kh4 Qf4+ 42. Kh5 Qg5# 0-1

[Event "FIDE World Bl Team Pool D"]
[Site "London ENG"]
[Date "2025.06.14"]
[Round "3.3"]
[White "Strom-Engdahl, Alexander"]
[Black "Dasgupta, Avyukt"]
[Result "0-1"]
[WhiteTitle "FM"]
[WhiteElo "2320"]
[BlackElo "2125"]
[WhiteTeam "Uppsala SSS"]
[BlackTeam "The London Legends"]
[WhiteFideId "1741586"]
[BlackFideId "480630"]
[EventDate "2025.06.14"]
[EventType "team"]

1. Nf3 d5 2. d4 Nf6 3. Bf4 Bg4 4. e3 e6 5. Be2 Bd6 6. Bg3 c6 7. c3 O-O 8. Nbd2
Re8 9. Ne5 Bxe2 10. Qxe2 Bxe5 11. Bxe5 Nbd7 12. Bg3 e5 13. dxe5 Nxe5 14. O-O Qb6
15. b3 Neg4 16. h3 Nxe3 17. fxe3 Rxe3 18. Qf2 Rxg3 19. Qxb6 axb6 20. Nf3 Ne4 21.
c4 Ng5 22. Ne5 Re8 23. Rae1 f6 24. Nd7 Nf3+ 25. Kf2 Rxe1 26. Rxe1 Nxe1 27. Kxg3
dxc4 28. bxc4 b5 29. cxb5 cxb5 30. Kf2 Nd3+ 31. Ke3 Nb4 32. Nc5 Nxa2 33. Nxb7
Nc3 34. Kd4 Ne2+ 35. Ke3 Ng3 36. Nd6 b4 37. Kd3 Nh5 38. Kc4 Nf4 39. Kxb4 Nxg2
40. Nf5 Nf4 41. h4 Kf7 42. Kc3 g6 43. Ng3 h5 44. Kd4 Ng2 45. Ke4 Nxh4 46. Kf4
Nf5 47. Ne4 Nd4 48. Nd6+ Ke6 49. Ne8 g5+ 50. Kg3 h4+ 51. Kg4 Nc6 52. Ng7+ Kf7
53. Nf5 Ne5+ 54. Kh3 Kg6 55. Ne7+ Kh5 56. Nd5 g4+ 57. Kg2 Kg5 58. Nc7 f5 59.
Ne6+ Kf6 60. Nf4 Nf3 61. Kf2 Ng5 62. Kg2 h3+ 63. Kg3 Ne4+ 64. Kh2 Kg5 65. Ne2 f4
66. Nd4 Nc5 67. Ne2 Ne6 68. Nc3 Kh4 69. Ne4 g3+ 70. Kh1 Nd4 71. Nd6 g2+ 72. Kg1
Nf3+ 73. Kf2 g1=Q+ 74. Kxf3 Qe3# 0-1